| 000 | 00432cam a2200181ua 4500 | ||
|---|---|---|---|
| 020 | _c2.50 | ||
| 041 |
_amal _h |
||
| 082 |
_a894.81209 _bKUT/RA |
||
| 100 | _aKuttikrishnamarar, . | ||
| 245 |
_aRajankanam / _cKuttikrishnamarar. _hTextual Documents |
||
| 250 |
_a2 / _b. |
||
| 260 |
_aCalicut : _bP K Brothers , _c1956. |
||
| 300 | _a197 ; . | ||
| 365 | _a2.50 | ||
| 504 | _a | ||
| 942 | _cBK | ||
| 999 |
_c11606 _d11606 |
||